Statystyki dla Wszystkie piosenki - Sentino

Kliknij tutaj aby rozwiązać quiz!

Ogólne statystyki

  • Ten quiz został rozwiązany 283 razy
    (83 od ostatniego zresetowania)
  • Średni wynik to 54 z 158

Statystyki odpowiedzi

HintOdpowiedź% Poprawnych
King SentoRio
73%
ZL4EVERMidas
68%
Zabójstwo Liryczne 3Pistolet
65%
MegalomaniaLato
63%
Zabójstwo Liryczne 3Tatuażyk
63%
FenixFenix
60%
MegalomaniaTrójkąt Bermudzki (feat. Nitro & MASNY BEN)
60%
Zabójstwo LiryczneWiecznie
60%
Aporofobia45
58%
KOŁYSANKI DLA ULICYKOŁYSANKI DLA ULICY
58%
AporofobiaPowww! (feat. Schwesta Ewa)
58%
Czary MaryCzary Mary
56%
FenixHalo Policja
56%
MegalomaniaMegalomania
56%
KOŁYSANKI DLA ULICYSkandal
56%
Zabójstwo Liryczne EpilogHelikopter nad blokiem
55%
Zabójstwo Liryczne 2.0 Limited EditionVitalyi
55%
Zabójstwo LiryczneZabójstwo Liryczne (feat. Diho)
55%
Zabójstwo Liryczne 3Zapytaj O Mnie (feat. Malik Montana)
55%
Czary MarySicario
53%
King SentoRóżowy Pył
52%
Zabójstwo Liryczne 2.0 Limited EditionBiznesmenel (feat. Kaz Bałagane)
50%
Zabójstwo Liryczne 3Czarna chmura
50%
KOŁYSANKI DLA ULICYKOSMOS
50%
Zabójstwo Liryczne 0 | Zabójstwo Liryczne 3Tabu (feat. Diox)
50%
King SentoLa Línea
48%
KOŁYSANKI DLA ULICYRATATATA
48%
MegalomaniaŚwiatła Neon
48%
KOŁYSANKI DLA ULICYKRÓLICZA GŁOWA
47%
Zabójstwo Liryczne 3Skąd Ty To Znasz (feat. Diho)
47%
King SentoŻycie które znam
47%
KOŁYSANKI DLA ULICYATLANTYK
45%
King SentoKokaina
45%
KOŁYSANKI DLA ULICYNIEBIESKI PTAK
45%
Zabójstwo Liryczne 3Parę Kulek (feat. Malik Montana)
45%
Czary MaryBańka
44%
AporofobiaHurra!!!
44%
KOŁYSANKI DLA ULICYIRUN
44%
King SentoAlgeciras
42%
MegalomaniaAzrael
42%
KOŁYSANKI DLA ULICYFURGONETKA
42%
Zabójstwo Liryczne EpilogKolekcja setek masek
42%
KOŁYSANKI DLA ULICYMAI TAI
42%
ZL4EVERDuc de Pologne
40%
Zabójstwo Liryczne EpilogNarcotic
40%
King SentoCiroc
39%
KOŁYSANKI DLA ULICYFLAITE
39%
Zabójstwo Liryczne 3Oni albo ja (feat. Diho)
39%
King SentoRémy Martin
39%
Czary MarySkreślony
39%
Czary MaryDwusetki
37%
Zabójstwo LiryczneNie płacz za mną (feat. Malik Montana)
37%
AporofobiaPrada
37%
Zabójstwo Liryczne 2.0 Limited EditionTa droga (feat. Diho & Kaz Bałagane)
37%
MegalomaniaAMEX
35%
Zabójstwo LiryczneAmfetamina
35%
Czary MaryBlisko Księżyca
35%
Zabójstwo Liryczne 3Fame
35%
KOŁYSANKI DLA ULICYHOLLYWOOD HABIBI
35%
KOŁYSANKI DLA ULICYPLATYNA
35%
King SentoR.2.K.
35%
AporofobiaWakacje
35%
Fenix6AM
34%
Zabójstwo Liryczne 3Legenda
34%
Zabójstwo LiryczneLiczę ten hajs (Dawaj Daswydania) (feat. Diho)
34%
Zabójstwo LiryczneNic nie mów
34%
AporofobiaPSG
34%
Czary MaryStr€€t (feat. BLACHA)
34%
ZL4EVERSuperhero
34%
Zabójstwo LiryczneTaki lajf
34%
KOŁYSANKI DLA ULICYBRENDA
32%
MegalomaniaHieny
32%
King SentoMilioner
32%
Zabójstwo Liryczne 3Onassis
32%
Zabójstwo Liryczne 3R.I.P.
32%
KOŁYSANKI DLA ULICYSEN W RR
32%
KOŁYSANKI DLA ULICYGORZEJ NIŻ BYŁO
31%
ZL4EVERHipnoza
31%
ZL4EVERLagrimas
31%
KOŁYSANKI DLA ULICYMIZANTROPIA
31%
Zabójstwo Liryczne 0Oni albo ja 2
31%
Zabójstwo LirycznePido a Dios
31%
MegalomaniaReinkarnacja
31%
Zabójstwo Liryczne#squad (feat. Kaz Bałagane)
31%
MegalomaniaTriumf
31%
FenixArchitekt Zbrodni
29%
Zabójstwo Liryczne EpilogChciała być ze mną
29%
Zabójstwo LiryczneCzas zemsty
29%
Zabójstwo Liryczne 0Dziki Wschód
29%
Zabójstwo Liryczne 0El Dorado (feat. Diho & Martyna Nocek)
29%
Zabójstwo Liryczne 0Las Vegas, Las Palmas, Las Kabacki
29%
AporofobiaLebara SIM
29%
Zabójstwo LiryczneMickey Rourke (feat. Diho)
29%
Zabójstwo Liryczne 0Nic Nie Mów 2
29%
Zabójstwo Liryczne 0Polska Miłość
29%
ZL4EVERThe One
29%
ZL4EVERChampion
27%
FenixGivenchy
27%
MegalomaniaNASA
27%
Zabójstwo Liryczne 2.0 Limited EditionParę Klocków
27%
KOŁYSANKI DLA ULICYSEMI AUTOMATIC
27%
King SentoTrucizna
27%
Fenix9.2 Moc
26%
ZL4EVERBlade
26%
Zabójstwo Liryczne 2.0 Limited EditionDzieci Wojny
26%
ZL4EVEREkstaza
26%
Zabójstwo Liryczne 3II Duce
26%
Zabójstwo Liryczne 0Jack Daniels
26%
AporofobiaJackie Chan
26%
Zabójstwo Liryczne 0Jeszcze raz (feat. Diho)
26%
Zabójstwo LiryczneKarl Lagerfeld
26%
Zabójstwo Liryczne 2.0 Limited EditionMoja Bitch
26%
Zabójstwo Liryczne 2.0 Limited EditionPaństwo w Państwie
26%
Zabójstwo LirycznePierdolony Biznes (feat. Fotoz Muz)
26%
Czary MarySauvage
26%
Czary MaryUff
26%
Zabójstwo Liryczne 2.0 Limited EditionZabij się (feat. Diho & Koldi)
26%
Zabójstwo Liryczne 2.0 Limited EditionAlfa i Romeo (feat. Lui)
24%
ZL4EVERDrip
24%
AporofobiaHollow tips
24%
KOŁYSANKI DLA ULICYLA CONEXION
24%
FenixLustro
24%
KOŁYSANKI DLA ULICYTIME OUT
24%
Zabójstwo Liryczne 0Barsy
23%
Czary MaryCień i ja
23%
Zabójstwo LiryczneMam Talent (feat. Diho)
23%
FenixOko
23%
Zabójstwo LiryczneTempo (feat. Diho)
23%
FenixUzi
23%
AporofobiaDo Boga
21%
Zabójstwo Liryczne EpilogDuch mojej Ekstazy
21%
Zabójstwo Liryczne 0Karl Lagerfeld 2
21%
ZL4EVERNa czasie
21%
Zabójstwo Liryczne 2.0 Limited EditionNieodebrane (feat. Diho)
21%
AporofobiaPiekło Banús
21%
FenixRey de Los Cielos
21%
Zabójstwo Liryczne 2.0 Limited EditionSwój Sen (feat. Diho)
21%
Zabójstwo Liryczne 0Zero Emocji
21%
Zabójstwo Liryczne EpilogBig Money
19%
Zabójstwo LiryczneKraina czarów
19%
Zabójstwo Liryczne 0La Familia
19%
Zabójstwo Liryczne EpilogMarlboro i 808
19%
AporofobiaMy best life
19%
Czary MaryRaj
19%
Zabójstwo Liryczne 2.0 Limited EditionWalczę z diabłem
19%
MegalomaniaYeah
19%
AporofobiaŻaden
19%
Zabójstwo Liryczne 0Gdzieś Indziej
18%
Zabójstwo Liryczne 2.0 Limited EditionGomorra (feat. Diho)
18%
Zabójstwo LiryczneNie mam czasu
18%
FenixSauce
18%
Zabójstwo LiryczneScarface
18%
Zabójstwo LiryczneTen świat
18%
Zabójstwo Liryczne 2.0 Limited EditionŚmierć wrogom
16%
Zabójstwo LiryczneKnife2aGunFight (feat. Diho & Braddu)
15%
Zabójstwo Liryczne 2.0 Limited EditionPrzy Bogu
15%
MegalomaniaHIGH
11%

Rozkład punktacji

Percentyl według liczby udzielonych odpowiedzi

Procent ludzi z każdym wynikiem

Twoja historia wyników

Nie rozwiązałeś tego quizu od ostatniego zresetowania